[Event "SuperGM"]
[Site "Linares ESP"]
[Date "2002.02.28"]
[Round "5"]
[White "Vallejo Pons, Francisco"]
[Black "Ponomariov, Ruslan"]
[Result "1/2-1/2"]
[WhiteElo "2629"]
[BlackElo "2727"]
[Annotator "Hathaway, Mark"]

1. c4
{ In earlier rounds he has played 1. c4 against Kasparov (barely surviving) and 1. e4 against Ivanchuk (preferring a closed line with 2. Nc3 and g2-g3, Bf1-g2) . Apparently he believes it will be difficult for his opponents to come and get him if he maintains a safe position. }
1...e5 2. Nc3 Nf6 3. Nf3 Nc6 4. g3
{ a big improvement over 4. e4 Bb4 from his first round game versus Kasparov }
4...d5
{ Black refuses to allow White to control d5, holding back Black's pieces in the center. }
5. cxd5 Nxd5 6. Bg2 Nb6
{ This kind of Reversed Sicilian Dragon, Classical Variation isn't too bad for Black. Black has played ...Nd5-b6 to avoid tactical difficulties. White threatened Nf3xe5 when Bg2 and Nc3 double attack Nd5. He'd also rather retreat than capture Nc3. Allowing White to open the b-file with 6...Nxc3? 7. bxc3 isn't very good for Black. Usually White (and possibly Black) has to play on the wing (White with a2-a3, b2-b4-b5 and Black with ...Bf8-e7, ...g7-g5-g4) to fight for central squares. }
7. O-O Be7 ( 7...g5 
{ is probably premature because it's not well supported }
 8. d4 exd4 9. Nb5 
{ and ...g5-g4 doesn't chase Nf3 backward since it can capture Pd4 }
 ) ( 7...Be6 ) 8. a3
{ White realizes Black might play ...g7-g5-g4, so he begins his own threat of b2-b4-b5 to counter it. They're fighting over control of e5 and d4. }
8...O-O
{ White's quick queen-side threat (b2-b4-b5) prevented Black from getting to play his own ...g7-g5-g4, so Black simply castles and continues normally. }
 ( 8...g5 
{ is still premature because of }
 9. d4 ( 
{ too slow is }
 9. b4 g4 ) ) ( 8...Be6 
{ allows Black to meet b2-b4 with ...Nc6-d4 when Pe5 is immune because of ...Be6-b3 }
 ) 9. b4 Be6 10. Rb1 f6 11. d3 ( 11. b5 Nd4 ) 11...Nd4
{ This is a surprising move. Usually Black would avoid a trade of Nf3 in order to keep Bg2 under cover. But, in this case it appears Black intends to get his queen-side better organized before White could play Bc1-e3 and Nc3-e4-c5. }
 ( 11...a6 ) 12. Nd2 ( 12. Nxd4 exd4 13. Ne4 Bd5 
{ and Pb7 doesn't become a problem }
 ) 12...c6 13. e3 Nb5
{ again a curious choice. The knight has no better square, but it's odd to see Black allowing doubled pawns this way. }
14. Nxb5 cxb5 15. Nb3
{ Unfortunately for White he hasn't won a pawn, but does have a weak Pd3 and undeveloped Bc1. }
 ( 15. Bxb7 Rb8 16. Be4 f5 17. Bg2 Qxd3 $17 ) 15...Na4 16. Bb2 Bd5
{ There were a number of interesting possibilities for Black. I don't know whether trading light square bishops is particularly useful for Black. Was Bg2 really that much of a problem? }
 ( 16...Rc8 17. Bxb7 Nc3 18. Bxc3 ( 18. Bxc8 Nxd1 19. Bxe6+ Kh8 20. Rfxd1 
{ is also interesting }
 ) 18...Rxc3 19. d4 Qc7 20. Bg2 Rd8 ) ( 16...Qd7 ) ( 16...Kh8 
{ Giving up Pb7 so easily doesn't seem wise. Something more direct and forcing is needed. }
 17. Bxb7 Rb8 18. Bg2 ) 17. e4 $6
{ Bg2 is blocked out of play for quite some time. }
 ( 17. d4 ) 17...Bf7 18. d4
{ This seems to solve White's problems. The threat of d4-d5 to block Bf7 or the threat of d4xe5 should force Black to exchange pawns and that opens up the way for Bb2. Pe4 will still be blocking Bg2, but if square e5 opens then there's still a chance for e4-e5 to free that bishop too. }
18...Rc8 $5 19. d5 ( 19. dxe5 Nc3 20. Bxc3 Rxc3 
{ and the threat to exchange queens to undermine Nb3 forces White to leave Pe5 for the moment }
 ) 19...Qd7 20. Qe2 ( 20. Qd2 
{ avoids a fork by ...Na4-c3 and keeps better control of c1. But, d2 is possibly a crossroads square which both Bb2 and Nb3 might need to use for maneuvering, so it's not completely clear Qd2 is any better than Qe2. }
 ) 20...Bd8 21. Ba1
{ This phase of the game is where the players reorganize their pieces to suit the new pawn structure. }
21...Bb6 22. Rbc1 a6 23. h4 Rxc1 24. Rxc1 Rc8 25. Rc2 Rc7 26. Bf3 Qc8 27. Rxc7 Qxc7 28. Qd3
{ White is pretty well organized to avoid incursions except at c4. Moving Qe2-d3 allows Bf3-e2, securing c4. }
28...Qc4
{ So, Black doesn't waste time. }
 29. Be2 Bg6 
{ White can't support Pe4 with f2-f3 because it's pinned and he won't want to move Nb3-d2 because that would allow ...Qc4-c1+, with further damage to follow. }
30. Qxc4 ( 30. Nd2 Qc1+ ) 30...bxc4 31. Bxc4 ( 31. Nd2 $4 c3 32. Nc4 c2 $19 ) 31...Bxe4
{ Finally, after that phase the position opens a bit and it appears Black's pieces are a little better. Pe5 blunts Ba1 and Na4 & Bb6 restrain Nb3. So, Be4 and Bc4 duel. It appears to me Pd5 is exposed and weak, so ...Kg8-f8-e7-d6 would be an obvious continuation for Black. }
32. Nd2 Bf5
{ Even after this there's a threat of ...Kg8-d6 and ...Bf5-g6-f7xd5. }
33. d6+ Kf8 34. Bd5
{ This is a very nifty tactic as it attacks two Black pawns (Pb7 & Pa6) and opens the way for Nd2-c4. Black wasn't given any time to establish a bind by blockading Pd5 and now he even has to spend moves on defense. }
34...Bc8 35. d7 ( 35. Nc4 $2 Ke8 
{ and Pd6 isn't a weapon any more! }
 ) 35...Bxd7 36. Bxb7 Bb5
{ Time to re-evaluate: Pa6 is defended, but White has a two-to-one queen-side pawn majority. Fortunately for Black the pawns are blockaded and his king has approached the center, so that shouldn't be dangerous. White has a problem bishop (Ba1) , but even that may evaporate if White gets f2-f4 or Nd2-e4-c3. It's about as equal as can be. }
37. Be4 ( 37. Ne4 ) 37...h6 38. Bc2 Ke7 39. Kg2
{ After this it is clearer that Black's king can't approach Pa3 because Bc2-b3, in particular, will chase him away. Nd2 helps secure square c4, so Black can't use Bb5 to worm his way in by opposing Bc2. }
 ( 39. Ne4 Ke6 40. Nc3 Nxc3 41. Bxc3 Kd5 42. Bb3+ $4 ( 42. a4 Kc4 43. Bd2 Bc6 44. Kf1 Bd4 45. Ke2 Bc3 46. b5 ( 46. Bd3+ Kxb4 47. Bxc3+ Kxc3 48. Bxa6 Bxa4 $15 ) 46...axb5 47. axb5 Bb7 48. Bd3+ Kb4 49. Be3 $13 ) 42...Ke4 43. Bc2+ Kf3 44. Bd1+ Be2 $19 ) 39...Bd4 ( 39...Ke6 40. Bb3+ ) 40. Nb3 Bxa1 41. Nxa1 Kd6 42. Bb3
{ keeping Kd6 away is essential! }
42...Nc3 43. Nc2 Bc6+ 44. Kf1 Bd5 45. Bxd5 Kxd5 46. Ne3+ Ke4
{ After all that Black's king still makes some headway. But, Pf2 isn't endangered, so the real Black plan still is to get to White's queen-side pawns. At the moment Ne3 guards both c4 and c2, so Black must either move Nc3 to open square c3 or use ...f6-f5-f4 to kick Ne3 away. }
47. h5 $1 f5 48. Nc4
{ threat: Nc4-d6+ to win Pf5 }
48...f4 49. Nd6+ Kf3 ( 49...Kd5 50. Nf5 ) 50. gxf4 exf4 51. Nf5
{ White's queen-side pawns await the call to advance while Nf5 charges about threatening Black's king or any loose pawns it can target. }
51...Nb5 ( 51...Ne4 $4 52. Nd4+ Kg4 53. f3+ 
{ and after Ne4 is captured White's queen-side pawns will be free to advance, quickly. }
 ) 52. a4 Nc3 53. Nxg7 ( 
{ Not terribly obvious, but still to the point is to advance the queen-side pawns, now that they're unhindered. }
 53. Nd4+ Ke4 54. b5 axb5 55. axb5 Kd5 ( 
{ the obvious }
 55...Kxd4 $4 56. b6 
{ runs into a small problem: how to stop the lowly pawn!! }
 ) 56. b6 Kd6 
{ and the pawn is stopped, so White still has to go back to the king-side }
 57. Nf5+ Kc6 58. Nxg7 Kxb6 59. Nf5 Ne4 60. Nxh6 Nf6 61. Nf7 Nxh5 62. Ne5 Kc7 63. Ng6 $11 ) ( 
{ even more direct is }
 53. b5 axb5 54. Nd4+ Ke4 ( 54...Kg4 $6 55. axb5 Nd5 56. Ne6 f3 ( 56...Kxh5 $4 57. Nxf4+ Nxf4 58. b6 ) 57. Nxg7 ) 55. axb5 
{ transposed to the other variation beginning with 53. Nf5-d4+ }
 ) 53...Nxa4 54. Nf5 Kg4 55. Nxh6+ Kxh5 56. Nf5
{ Most of the pawns disappeared because they weren't mobile and that's also an indication there wasn't enough piece support for them. Now there are only a few pawns, so the pieces will be working in close support of them. But, that means there's less chance for complication to induce an error; hence a draw is likely. }
56...Nc3 57. Nd4 Kg4 58. Kg2 Nd5 59. f3+ Kg5 60. Nc6 Kf6 61. Kh3 Kf5 62. Kh4 Ne3 63. Nb8 Nc2 64. Nxa6 Nd4 65. Kh3 Nxf3
{ This was a game Vallejo Pons can be proud of. He played very well througout and especially in several situations which were not easy. He also retained a share of the lead, a tie with only Kasparov! That's something to write home about. }
1/2-1/2

[Event "SuperGM"]
[Site "Linares ESP"]
[Date "2002.03.01"]
[Round "6"]
[White "Adams, Michael"]
[Black "Anand, Viswanathan"]
[Result "1-0"]
[WhiteElo "2742"]
[BlackElo "2757"]
[Annotator "Hathaway, Mark"]

1. e4 e6
{ Anand has played the French Defense a few times, though it doesn't really seem ideal for his style. His 3rd round game with Kasparov was a Sicilian, but one where he was hunkered down and counter-attacking. Perhaps that's just his mood for this game too. The French Defense is one of the ideal defenses for that attitude (Alekhine's Def. and the Pirc/Modern/Gurgenidze Def. being others) . }
2. d4 d5 3. Nd2 dxe4
{ This indicates a desire for a simple game with many exchanges, leading to a draw. Various methods have been created for White, but none has been a sure-fire way of generating an advantage; the position is too open and with no serious weaknesses, except the difficulty Black has developing Bc8. }
 ( 3...Nf6 
{ is probably ideal for provoking White forward, only to be met with a stiff counter-attack }
 ) 4. Nxe4 Nd7 5. Nf3 Ngf6 6. Nxf6+ ( 6. Bg5 
{ has been played in the past, but recent games indicate it offers Black too many opportunities to exchange minor pieces with 6...Be7. }
 ) 6...Nxf6 7. c3
{ I'm not sure why he'd give up on O-O-O so quickly. What's Black's threat? Yes, Pd4 needs defense, but even after Bf1-d3 it's fine. }
 ( 
{ Another way of developing, with an eye toward O-O-O is }
 7. Bd3 c5 8. dxc5 
{ keeping open the c3-h8 diagonal for a White bishop }
 8...Bxc5 9. Bd2 ( 9. Qe2 Qa5+ 10. Bd2 Bb4 
{ forces either a bishop trade or a weakening of White's queen-side, which ought to prevent O-O-O }
 11. c3 Bd6 ) 9...Ng4 
{ forcing White to give up on the O-O-O idea unless he wants to try Rh1-f1 }
 10. O-O O-O 11. h3 
{ White regains control of e5, so Black can't develop ...Bc8-d7 without Nf3-e5 to capture it }
 11...Nf6 12. Qe2 
{ and White has a slight advantage with Bd2-c3 to bear down on Black's king-side. }
 ) 7...c5 8. Be3
{ This is a very unusual square for the bishop; it's vulnerable to ...Nf6-d5 or ...Nf6-g4. But, moving Nf6 makes the a4-e8 diagonal even weaker. }
8...Qc7 ( 8...cxd4 9. Bxd4 
{ is good for White }
 ) 9. Ne5
{ It seems odd this could be good, but the a4-e8 diagonal is weak. }
9...a6
{ This prevents Bf1-b5, but not Qd1-a4+. It does force White to commit to one way of utilizing the queen, rather than waiting until Bb5+ forces Black into a rigid defensive position before Qd1-a4 or Qd1-f3 might win outright. }
 ( 
{ Let's examine forcing variations: }
 9...cxd4 10. Bxd4 Nd7 ( 10...Bd6 
{ weakens Pg7 and gives White a small chance to gain a significant advantage }
 11. Bb5+ Nd7 12. Nxd7 Bxd7 13. Bxd7+ Qxd7 14. Bxg7 Rg8 15. Qd4 ) 11. Bb5 a6 12. Qf3 $5 ( 12. Qa4 
{ tries to fight directly through Black's pieces, but going around to Pf7 seems better }
 12...Rb8 13. Bxd7+ Bxd7 14. Nxd7 Qxd7 15. Qxd7+ Kxd7 16. O-O-O Kc6 ) 12...axb5 ( 12...f6 $4 13. Qh5+ ) 13. Qxf7+ Kd8 $13 ) ( 9...Nd7 10. Bb5 a6 $2 
{ leaves Pc5 hanging after exchanges at d7 }
 11. Bxd7+ Bxd7 12. Nxd7 Qxd7 13. dxc5 ) 10. Qa4+ Nd7 11. O-O-O
{ d4 becomes a crossroads square. White would like to have it open, so Rd1 can hit d7 and so Qa4 could move across to f4 (or g4) . But, Ne5 needs the support. White threatens Bf1-b5 to overwhelm Black's defenses at d7 and then using dxc5 to complete the crush. Black has to act fast to avoid all this. }
11...cxd4 12. Nxd7 ( 12. Bxd4 ) 12...Qxd7 13. Qc2
{ This is an interesting move since he could have immediately captured Pd4, allowing a queen trade. He could have also used 13. Qb3 to keep an eye on Pb7 and square d5 (though that doesn't necessarily prevent 13...Qd5) . }
13...Bc5 14. Bxd4 Bxd4 15. Rxd4 Qc7 16. Bd3
{ White's lead in development is significant and his Kc1 isn't terribly weakened by the early c2-c3. }
16...Bd7 17. g3
{ I like this move. It blocks Qc7 and moves from a weak square (so Bd7-c6 can't threaten it) and might re-threaten Bxh7. }
 ( 17. Bxh7 O-O-O 18. Be4 Rxh2 19. Rhd1 Rhh8 ) 17...h6 18. Rd1 O-O-O
{ Black seems to have all his ducks in a row, except his king is weaker than Kc1. There's only two pawns around Kc8 and they're already on light squares. This would make White think it's possible to consider a piece sac to expose Kc8. }
 ( 18...O-O $4 19. Bh7+ Kh8 20. Rxd7 $18 ) 19. Rc4 Bc6 20. Be4 Rxd1+ 21. Qxd1 Rd8 22. Qf3 Rd6 23. h4 Kb8
{ Black intends ...Bc6xe4 to simplify the position. }
24. Bxc6 Rxc6 25. Rxc6 bxc6
{ One step closer to a draw because there's less material or one step closer to a win because there are many pawns and only one Black queen to defend them? I think the latter is likely -- especially since Pg7 and Ph6 aren't on secure squares (...g7-g6, ...h6-h5) . }
26. h5 $1
{ And, now they can't move at all! }
 ( 26. Qd3 Kb7 27. Qd4 f6 ( 27...g6 $6 28. h5 gxh5 29. Qf6 
{ Black's pawns are split badly. That means there are more weak points which will need defense. }
 ) ) 26...Kb7 27. Kc2 ( 27. Qe4 e5 ) 27...f5
{ I suppose Anand was tired of doing all the defending and feels it's his turn to do some offense. Of course, chess isn't that way. You sometimes just take what is served to you. 27...f5, by itself, isn't so bad. But, it indicates he wants more than to just connect the dots, defend everything, call it a draw and go home. It might be the first step toward a random outcome. }
 ( 27...f6 ) 28. Qd3 Qf7 29. Qe2 f4
{ trying to lure Pg3 toward the center, so that after ...g7-g6 Black would emerge with a passed Ph6 (or Ph5) . }
 ( 29...Qf6 30. f4 
{ keeps Pe6 backward }
 ) 30. g4 g6 31. Qe5 $1
{ prevents Black from gaining queen activity }
 ( 31. hxg6 Qxg6+ 32. Kb3 
{ and White still has one-on-one coverage of Ph6, with Qe2 and Pf2 to guard against the advance of Black's Pe6. }
 ) 31...g5
{ Pe6 is backward. Imagine that! But, how did this happen? Black played 27...f5 and made it so. }
 ( 31...gxh5 $2 32. gxh5 
{ and Black's queen is nearly immobile }
 ) 32. Qh8
{ Ph6 is amazingly without defense. }
32...e5 ( 
{ No better is }
 32...f3 33. Qxh6 Qf4 34. Qg7+ Kb8 35. Qd4 ) 33. Qxh6 e4 34. Qg6 
{ White has no time to capture Pg5. Black's advancing pawns are dangerous. }
 ( 33. Qxg5 e3 34. f3 ( 34. fxe3 f3 ) 34...Qd7 
{ and Black might be able to force the advance of Pe3 })
Qc4 35. Qg7+ Kc8 36. Qh8+ Kb7 37. Qg7+ Kc8 38. Qf8+ Kc7 39. Qe7+ Kc8 40. Qe8+ Kc7 41. Qe7+
{ Many of these checks were to get to the time control safely, before committing to a specific plan. However, he had to have some idea of what he intended before he played Qh8 to capture Ph6. At e7 he guards square b4 to prevent Black's queen from perpetually checking along the b5-f1 diagonal. }
41...Kc8 42. h6 c5 43. Qe8+
{ After Black's pawn move blocked the b4-e7 diagonal he had to switch to guarding b5 instead. Black has no perpetual check and Ph6 is impossible to stop. }
43...Kc7 44. h7
{ This win puts Adams back into a tie for the lead with Kasparov and Vallejo Pons. }
1-0

[Event "SuperGM"]
[Site "Linares ESP"]
[Date "2002.03.01"]
[Round "6"]
[White "Shirov, Alexei"]
[Black "Vallejo Pons, Francisco"]
[Result "1/2-1/2"]
[WhiteElo "2715"]
[BlackElo "2629"]
[Annotator "Hathaway, Mark"]

1. e4 e5 2. Nf3 Nc6 3. Bb5 Nf6 4. O-O Nxe4
{ Adams wasn't able to break through this defense in round four, so why not try it again. }
5. d4 Nd6 6. Bxc6 dxc6 7. dxe5 Nf5 8. Qxd8+ Kxd8 9. Nc3 Ne7 ( 9...h6 ) 10. h3 ( 10. b3 Bg4 
{ Adams-Villejo Pons, round 4, 1/2-1/2 in 24 moves }
 ) 10...Ng6
{ This is a curious move. It threatens Pe5 which forces White, at least for the moment, to leave Nf3, which blocks Pf2 from advancing. Also, it prevents Bc1-f4 and clears the way for Bf8 to develop. I suppose Black decides how to develop his king-side pieces depending upon where White develops Bc1. If b2-b3, Bc1-b2 then Bf8 probably has to remain in place for a while to defend Pg7. }
11. Bg5+ Ke8 12. Rad1 Be7 13. Bxe7
{ This seems to end Black's cramp and White's chances to play for a win. But, perhaps I'm overestimating it's importance. White still has the king-side pawn majority and safer king. }
13...Kxe7 14. Nd4 Nf4
{ again perventing f2-f4-f5 }
15. Ne4 Rd8 16. Rfe1 Rd5 17. c4 Rd8 $6 ( 17...Rxe5 18. Ng5 Rxe1+ ( 18...Kf6 $4 19. Nxh7+ 
{ and Re5 falls }
 ) 19. Rxe1+ Kf8 ( 19...Kf6 $2 20. Nxh7+ Kg6 21. Nf8+ $16 
{ and Re1-e8 prevents Black from developing Bc8 & Ra8 }
 ) 20. Nxh7+ Kg8 21. Ng5 Kf8 $14 ) 18. Kh2 a5 19. g4 a4 ( 19...g6 20. Kg3 Ne6 ) 20. Kg3 Ne6 21. Nf5+ Kf8 22. f4 b6 23. Rxd8+ Nxd8 24. Ne3 Ne6 25. f5
{ White has achieved a lot. To get this far is significant. The next step is usually some key invasion which pins a piece or attacks two targets when the defender can't maneuver his pieces because they have no squares or are busy defending one another. }
 ( 
{ Another plan is: }
 25. Rd1 c5 26. Nd5 Ra7 ( 26...Bb7 27. Nec3 ) 27. Nec3 Nd4 28. f5 
{ and there are several weak points in Black's camp: Kf8 and Bc8 are aligned on the back rank, so Nd4 can't move without concern for Rd1-d8+. Pc7 and Pa4 are attacked, so Ra7 is overworked and nearly immobilized. Nc3 threatens to come in to b5 to chase Ra7 from it's key defensive square. }
 ) 25...Nd4 26. Kf4 Bb7 27. c5 a3 28. b3
{ After this (good move) Black begins to envisage ...Nd4xb3; axb3 a3-a2; and ...Bb7-a6-d3-b1 to allow a2-a1=Q or if White has placed Rd1-a1 to trap it, so Ra8 can be unopposed. This plan is merely an idea at this point, and hardly enforcable, but something to work toward. White, will have to avoid that and still find a way to break through Black's queen-side; where he's been holding Black in place and now hopes to hit hard. }
28...Ba6 29. cxb6 cxb6
{ Black might use ...Nd4-e2+ to chase Kf4 back }
30. Nd6
{ This gives Kf4 another square near the center, to support Pe5. }
30...Rd8 31. Ndc4 Bxc4 32. Nxc4 b5 33. Nd6 ( 33. Nxa3 Ra8 34. Nb1 Rxa2 
{ looks very good for Black. Pb3 is weak and Nb1 isn't very good. }
 ) 33...f6
{ Black's ability to undermine every step forward White would like to make is keeping the balance. And, Pa3 has to be watched carefully. If Pa2 is threatened the entire empire is in danger. }
1/2-1/2